Cristo desgarrado : crisis y concilios en la Iglesia /
Obra que el autor escribe en el contexto del Concilio Vaticano II, con la finalidad de comprender los motivos de la existencia de éstos en la historia de la Iglesia. Para ello elabora un recuento histórico de las principales crisis de la cristiandad que han desembocado en una toma de conciencia ecle...
Guardat en:
| Autor principal: | |
|---|---|
| Altres autors: | |
| Format: | Llibre |
| Idioma: | espanyol |
| Publicat: |
Madrid, España :
Ediciones Cristiandad,
1965, c1965
|
| Col·lecció: | (Cristianismo y Hombre Actual ;
67) |
| Matèries: | |
| Etiquetes: |
Sense etiquetes, Sigues el primer a etiquetar aquest registre!
|
MARC
| LEADER | 00000nam^a2200000^a^4500 | ||
|---|---|---|---|
| 001 | 000349829 | ||
| 005 | 20250521000000.0 | ||
| 009 | 20260310114924.367 | ||
| 037 | |a Acervo Xavier Clavigero | ||
| 041 | |a ESP | ||
| 082 | |a 282. 1 |b GUI | ||
| 100 | |a Guitton, Jean |e (autor) | ||
| 240 | 1 | 1 | |a [Cristo desgarrado] |
| 245 | 1 | 0 | |a Cristo desgarrado : |b crisis y concilios en la Iglesia / |c J. Guitton ; tr. por J. Martín Velasco. |
| 264 | 4 | |a Madrid, España : |b Ediciones Cristiandad, |c 1965, c1965 | |
| 300 | |a 244 p. | ||
| 336 | |a texto |b txt |2 rdacontenido | ||
| 337 | |a sin mediación |b n |2 rdamedio | ||
| 338 | |a volumen |b nc |2 rdasoporte | ||
| 440 | 1 | |a (Cristianismo y Hombre Actual ; |v 67) | |
| 500 | |a Traducción de: Le Christ écartelé: crises et conciles dans l'église | ||
| 520 | |a Obra que el autor escribe en el contexto del Concilio Vaticano II, con la finalidad de comprender los motivos de la existencia de éstos en la historia de la Iglesia. Para ello elabora un recuento histórico de las principales crisis de la cristiandad que han desembocado en una toma de conciencia eclesial. | ||
| 649 | |a XX | ||
| 650 | |a Iglesia Católica - |x Historia | ||
| 650 | |a Concilios y Sínodos - |x Historia - |x Tema Principal | ||
| 650 | |a Arrianismo | ||
| 650 | |a Cátaros | ||
| 650 | |a Reforma | ||
| 650 | |a Protestantismo - |x Historia - |y Siglo XVI | ||
| 650 | |a Ecumenismo | ||
| 650 | |a Judaísmo | ||
| 650 | |a Islamismo | ||
| 650 | |a Catolicismo | ||
| 650 | |a Cristianismo | ||
| 650 | |a Religión | ||
| 700 | |a Martín Velasco, Juan |e (traducción) | ||
| 910 | |a Fondo General | ||
| 920 | |a Impresos - Libros | ||
| 930 | |a Colección General | ||
| 905 | |a 101 | ||
| 901 | |a 050631 |b IT1 |c ACC |u 20250521 | ||
| 902 | |a https://opac.biblio.iteso.mx/vufind/Record/000349829 | ||